Statystyki dla Państwa graniczące z Iranem

Kliknij tutaj aby rozwiązać quiz!

Ogólne statystyki

  • Ten quiz został rozwiązany 17 razy
  • Średni wynik to 6 z 7

Statystyki odpowiedzi

HintOdpowiedź% Poprawnych
na zachódIrak
100%
na wschódPakistan
100%
na wschódAfganistan
88%
na północArmenia
88%
na północAzerbejdżan
88%
na zachódTurcja
75%
na północny - wschódTurkmenistan
75%

Rozkład punktacji

Percentyl według liczby udzielonych odpowiedzi

Procent ludzi z każdym wynikiem

Twoja historia wyników

Nie rozwiązałeś tego quizu